| 000 | 01059nas a2200337 4500 | ||
|---|---|---|---|
| 001 | BR2011005428 | ||
| 003 | BR-BrBNA | ||
| 005 | 20231205115620.0 | ||
| 007 | ta | ||
| 008 | 230509b bl.|||p| |||| 00| 00por d | ||
| 040 |
_aBR-BrBNA _bpor _cBiblioteca Nacional de Agricultura |
||
| 041 | _a(Pt) | ||
| 072 | _aK50 | ||
| 100 | 1 | _aSantos, R.C. dos | |
| 100 | 1 | _aMendes, L.M. | |
| 100 | 1 | _aCarneiro, A. de C.O. | |
| 100 | 1 | _aMori, F.A. | |
| 100 | 1 | _aCastro, R.V.O. | |
| 100 | 1 | _aMendes, R.F. | |
| 245 | 1 | _aUtilização de resíduos da madeira de candeia (Eremanthus erythropappus (DC.)Macleish)na produção de paínéis aglomerados com adição de pet | |
| 650 | _aMADEIRA | ||
| 650 | _aRESÍDUO | ||
| 650 | _aCANDEIA | ||
| 650 | _aÁRVORE ANGIOSPERMA | ||
| 650 | _aPAINEL DE MADEIRA | ||
| 650 | _aPROCESSAMENTO | ||
| 650 | _aPROPRIEDADE FÍSICO-QUÍMICA | ||
| 773 | 0 |
_tCiência Florestal (Brazil) _xISSN 0103-9954 _g(Jan-Mar 2011), v. 21(1) p. 149-158 _wBR2011005428 |
|
| 909 |
_a202311 _bLúcia _c55 _dLúcia Elande |
||
| 942 |
_2AGRIS _n0 _cANA |
||
| 999 |
_c214808 _d214808 |
||